Intermediate algebra

Saved in:
Bibliographic Details
Main Author: Dubisch, Roy, 1917-
Other Authors: Howey, Vernon E.
Format: Book
Language:English
Published: New York : Wiley, 1969
Subjects:
Tags: Add Tag
No Tags, Be the first to tag this record!

MARC

LEADER 00000cam a2200000 i 4500
001 1/96734
008 081106s1969 eng d
035 |l 10101451 
040 |a GR-MY-UA  |b gre  |e aacr 
041 0 |a eng 
082 0 |a 512  |2 (22) 
100 1 |a Dubisch, Roy,   |d 1917- 
245 1 0 |a Intermediate algebra /  |c Roy Dubisch, Vernon E. Howes 
260 |a New York :   |b Wiley,   |c 1969 
300 |a xi, 351 σ.;  |c 24 εκ. 
504 |a Περιέχει ευρετήριο 
650 0 0 |a Algebra. 
700 1 |a Howey, Vernon E. 
852 |a INST  |b SAMOS  |c MAG  |e 20081106  |h 512.9 DUB  |p 005300029686  |q 005300029686  |t BK  |y 0 
901 |a BIBL3-2008-3 
909 |a Σ  |b 155294 
970 |a ΣΙΤΖΙΜΗ  |b ΓΙΑΣΕΜΗ  |z 2008/11/06